Works for guitar
Salvato in:
| Autore principale: | |
|---|---|
| Natura: | Libro |
| Lingua: | inglese spagnolo francese |
| Pubblicazione: |
Alirio Díaz
1998
|
| Serie: | Great Composers Latin America. Venezuela
|
| Soggetti: | |
| Tags: |
Aggiungi Tag
Nessun Tag, puoi essere il primo ad aggiungerne!!
|
MARC
| LEADER | 00000cam a2200000 a 4500 | ||
|---|---|---|---|
| 001 | UCF0209 | ||
| 003 | CL-VaPUC | ||
| 008 | 120503e19980000VE |||||||||||||||||eng|d | ||
| 041 | 0 | 7 | |a eng |2 CL-VaPUC |
| 041 | 0 | 7 | |a spa |2 CL-VaPUC |
| 041 | 0 | 7 | |a fre |2 CL-VaPUC |
| 082 | 0 | 4 | |a Gt784.18846 |b LAU |2 21 |
| 100 | |a Lauro, Antonio |e author |9 630994 | ||
| 245 | 1 | 0 | |a Works for guitar |
| 300 | |a v | ||
| 942 | |c BK | ||
| 945 | |d 20120503 00:00:00 |a dcastane | ||
| 260 | |b Alirio Díaz |c 1998 | ||
| 500 | |a v.1: Tatiana Valse Nº 1. Andreína Valse Nº 2. Natalia Valse Nº 3. Yacambú Valse Nº 4 | ||
| 500 | |a v.2: El Marambino. Angostura. Carora | ||
| 500 | |a v.3: María Luisa. El niño. Natalia. El negrito | ||
| 650 | 0 | |a Música para guitarra |9 362109 | |
| 650 | 0 | |a Compositores venezolanos |9 562088 | |
| 650 | 0 | |a Música venezolana |9 562089 | |
| 650 | 0 | |a Valses |9 417013 | |
| 583 | |a last modification |c 20120910 09:20:29 |k Rodrigo Vera | ||
| 490 | 0 | |a Great Composers Latin America. Venezuela | |
| 999 | |c 347679 |d 347677 | ||
| 952 | |0 0 |1 0 |4 0 |6 GT_784_188460000000000_LAU_1998 |7 0 |8 X |9 449165 |a BIBEDU |b BIBEDU |d 2019-11-22 |h v.1 |i 4859391 |o Gt784.18846 LAU 1998 |p 4859391 |r 2023-11-22 |w 2019-11-22 |y BK_X |k MUS | ||
| 952 | |0 0 |1 0 |4 0 |6 GT_784_188460000000000_LAU_1998 |7 0 |8 X |9 449166 |a BIBEDU |b BIBEDU |d 2019-11-22 |h v.2 |i 4859405 |o Gt784.18846 LAU 1998 |p 4859405 |r 2023-11-22 |w 2019-11-22 |y BK_X |k MUS | ||
| 952 | |0 0 |1 0 |4 0 |6 GT_784_188460000000000_LAU_1998 |7 0 |8 X |9 449167 |a BIBEDU |b BIBEDU |d 2019-11-22 |h v.3 |i 4859413 |o Gt784.18846 LAU 1998 |p 4859413 |r 2023-11-22 |w 2019-11-22 |y BK_X |k MUS | ||